000
00259nam a22001217a 4500
082
_a
823
_b
PAI/T
100
_a
PAI, ANANT
245
_a
TINKLE DIGEST
260
_a
BOMBAY
_b
INDIA BOOK HOUSE
_c
1994
300
_a
94
650
_a
ENGLISH STORY
_z
INDIA
942
_c
BK
999
_c
7511
_d
7511